000 00445nam a2200157Ia 4500
008 210210b1974 xxu||||| |||| 00| 0 eng d
020 _a0 07 042810 7
082 _a547 MONF
100 _aMONSON (Richard S) & SHELTON (John C).
245 _aFundamentals of organic chemistry.
260 _aLondon
_bMcGraw Hill Kogakusha Ltd.,
_c1974
300 _aviii,438
650 _aOrganic Chemistry
690 _aOrganic Chemistry
906 _aCC00180
999 _c109327
_d109327